[Event "CS Province-ch"]
[Site "Amantea"]
[Date "2007.01.07"]
[Round "5"]
[White "Levato, Biagio"]
[Black "Nicoletta, Adamo"]
[Result "1-0"]
[WhiteElo "1519"]
[BlackElo "1440"]
[PlyCount "35"]
[EventDate "2007.01.05"]
[EventType "swiss"]
[EventRounds "5"]
[EventCountry "ITA"]
[SourceTitle "EXT 2010"]
[Source "ChessBase"]
[SourceDate "2010.11.25"]
[SourceVersion "1"]
[SourceVersionDate "2010.11.25"]
[SourceQuality "1"]

1. Nf3 d6 2. d3 e5 3. e4 Nc6 4. g3 Nf6 5. Bg2 b6 6. c3 Bb7 7. 0-0 Qe7 8. Nbd2 0-0-0 9. Re1 d5 10. exd5 Nxd5 11. Nc4 f6 12. d4 Ba6 13. Bf1 Qf7 14. Qa4 Kb7 15. Ncxe5 Nxe5 16. Bxa6+ Kb8 17. dxe5 Qh5 18. Qc6 1-0

[Event "CS Province-ch"]
[Site "Amantea"]
[Date "2007.01.06"]
[Round "2"]
[White "Nicoletta, Adamo"]
[Black "Paragliola, Gennaro"]
[Result "1-0"]
[WhiteElo "1440"]
[BlackElo "1460"]
[PlyCount "71"]
[EventDate "2007.01.05"]
[EventType "swiss"]
[EventRounds "5"]
[EventCountry "ITA"]
[SourceTitle "EXT 2010"]
[Source "ChessBase"]
[SourceDate "2010.11.25"]
[SourceVersion "1"]
[SourceVersionDate "2010.11.25"]
[SourceQuality "1"]

1. e4 d6 2. Nc3 g6 3. Nf3 Bg7 4. d4 Nf6 5. h3 0-0 6. Bc4 Nxe4 7. Nxe4 d5 8. Bd3 dxe4 9. Bxe4 c6 10. 0-0 f5 11. Bd3 Kh8 12. c3 Re8 13. Re1 Nd7 14. Ng5 Kg8 15. Bc4+ e6 16. Nxe6 Rxe6 17. Rxe6 Kf8 18. Qe1 Nf6 19. Re2 b5 20. Bb3 Bd7 21. Bg5 h6 22. Bf4 Ne4 23. f3 g5 24. fxe4 gxf4 25. Qf2 Qg5 26. exf5 Bxf5 27. Rae1 Bxh3 28. Qf3 Bd7 29. Re4 Bf6 30. Rxf4 Kg7 31. Be6 Re8 32. Rg4 Rxe6 33. Rxg5+ Bxg5 34. Rxe6 Bxe6 35. Qxc6 Be3+ 36. Kh1 1-0